Statistics for Countries with crosses in their flags

Click here to take the quiz!

General Stats

  • This quiz has been taken 28 times
  • The average score is 15 of 21

Answer Stats

Answer% Correct
Denmark
100%
Finland
100%
Norway
100%
Iceland
96%
Sweden
96%
UK
88%
Australia
80%
New Zealand
80%
Greece
76%
Malta
76%
Tuvalu
76%
Switzerland
72%
Fiji
68%
Dominica
64%
Georgia
64%
Dominican Republic
60%
Jamaica
52%
Tonga
52%
Burundi
24%
Kenya
20%
Oman
8%

Score Distribution

Percentile by Number Answered

Percent of People with Each Score

Your Score History

You have not taken this quiz